MARC

LEADER 00000nam0a2200000 4500
001 300326
005 20231102001306.0
035 |a (RuTPU)RU\TPU\book\325479 
035 |a RU\TPU\book\325478 
090 |a 300326 
100 |a 20150709d1982 k y0rusy50 ca 
101 0 |a rus 
102 |a RU 
105 |a a z 001zy 
200 1 |a Прогнозирование вибрационного состояния сооружений электростанций при эксплуатационных воздействиях  |e сборник научных трудов  |f Всесоюзный научно-исследовательский институт гидротехники им. Б. Е. Веденеева (ВНИИГ) ; под ред. М. Ф. Складнева 
210 |a Ленинград  |c Энергоатомиздат  |d 1982 
215 |a 79 с.  |c ил. 
225 1 |a Известия ВНИИГ им. Б. Е. Веденеева  |v Т. 161 
320 |a Библиогр. в конце статей 
606 1 |a Электрические станции  |2 stltpush  |3 (RuTPU)RU\TPU\subj\27616  |9 51341 
610 1 |a вибрационное состояние 
610 1 |a электростанции 
610 1 |a эксплуатационные воздействия 
610 1 |a модельное прогнозирование 
610 1 |a турбоагрегаты 
610 1 |a фундаменты 
610 1 |a гидротехнические сооружения 
610 1 |a гидроузлы 
610 1 |a динамические нагрузки 
675 |a 621.311.2  |v 3 
702 1 |a Складнев  |b М. Ф.  |4 340 
712 0 2 |a Всесоюзный научно-исследовательский институт гидротехники им. Б. Е. Веденеева (ВНИИГ)  |2 stltpush  |3 (RuTPU)RU\TPU\col\11485 
801 1 |a RU  |b 63413507  |c 20051205  |g PSBO 
801 2 |a RU  |b 63413507  |c 20190618  |g PSBO 
942 |c BK